De los Apeninos a los Andes
Gardado en:
| Autor Principal: | |
|---|---|
| Formato: | Libro |
| Idioma: | Lingua castelá |
| Publicado: |
Santiago
La Nación
1988
|
| Series: | Colección literatura universal, 28
|
| Subjects: | |
| Tags: |
Engadir etiqueta
Sen Etiquetas, Sexa o primeiro en etiquetar este rexistro!
|
MARC
| LEADER | 00000nam a2200000 a 4500 | ||
|---|---|---|---|
| 001 | UCW8790 | ||
| 003 | CL-VaPUC | ||
| 008 | 881027e19880000CL |||||||||||||||||spa|d | ||
| 082 | 0 | 4 | |a 853 |b DEA |2 21 |
| 100 | 0 | |a De Amicis, Edmundo |e author |9 314034 | |
| 245 | 1 | 0 | |a De los Apeninos a los Andes |
| 300 | |a 55 p | ||
| 942 | |c BK | ||
| 945 | |d 19881027 00:00:00 | ||
| 260 | |a Santiago |b La Nación |c 1988 | ||
| 500 | |a Se distribuye con diario La Nación | ||
| 650 | 7 | |a LITERATURA INFANTIL ITALIANA |2 CL-VaPUC |9 310430 | |
| 583 | |a last modification |c 19881027 00:00:00 |k Rodrigo Vera | ||
| 490 | 0 | |a Colección literatura universal, 28 | |
| 999 | |c 221049 |d 221047 | ||
| 952 | |0 0 |1 0 |4 0 |6 853_000000000000000_DEA_1988 |7 0 |8 A |9 213970 |a BIBEDU |b BIBEDU |d 2019-11-15 |i 2823373 |o 853 DEA 1988 |p 2823373 |r 2019-11-15 |w 2019-11-15 |y BK |k LIT | ||